| 000 | 00583cam a2200205ua 4500 | ||
|---|---|---|---|
| 001 | 6597 | ||
| 005 | 20260515114055.0 | ||
| 008 | 140106n ii |||gr||||Z||||||eng | ||
| 020 | _a81-203-0877-8 | ||
| 040 | _cMAIN | ||
| 082 | _a658.8 | ||
| 245 | 1 | 1 |
_aMarketing management : _bAnalysis,planning,implementation,and control / _cBy Philip Kotler . |
| 250 | _a8th ed. | ||
| 260 |
_aNew delhi: _bPrentice-hall of India private limited, _c1994. |
||
| 300 | _axix,783p. | ||
| 653 | _aCommerce | ||
| 653 | _aMarketing management : | ||
| 700 | 1 |
_aKotler,Philip, _eAuthor. |
|
| 942 | _cBK | ||
| 999 |
_c5741 _d5741 |
||